000 01649nam a2200361 c 4500
999 _c157665
_d157665
003 BLK
005 20240412092126.0
008 180410b bul|||||r ||||||| ||bul||
010 _aKNG00164614000
040 _aBLK
041 _aBUL
_cBUL
080 _aВоенна история - Военни походи, битки, героични подвизи. Вж и 93/99
_b355.48
_x(47+57)(092)
_z355.48(47+57)(092)
080 _b929 Кутузов, Михаил Иларионович
_z929 Кутузов, Михаил Иларионович
100 1 _aБрагин, Михаил Григориевич
_eпърви автор
_9329494
139 _aБрагин, Михаил Григориевич
_bК 94
245 1 0 _aПълководецът Кутузов
_cМихаил Григориевич Брагин; прев. от рус. Н. Разлогов.
257 _aSUN
260 _bБРП (к.)
_c1946
300 _a232 с.
_c22 см
380 _a3
500 _a10 000 тир.
600 0 _aКутузов, Михаил Иларионович
_d1745 - 1813
_gРуски генерал-фелдмаршал
_qГоленишчев-Кутузов, Михаил Иларионович
_9315099
650 4 _aКутузов, Михаил Иларионович
_9315099
700 1 _aРазлогов, Н.
_eпрев. от рус.
_9333831
852 _aЦб І 605
852 _aЦб 9.180.24245
_bЦб
856 4 _qpdf
856 4 _qpdf
942 _cKNG
_n0
_s1
944 _aCR
_c02.09.2014
_lГеновева Генчева
_k30560
944 _aED
_c02.09.2014
_l02.09.2014 - от С1,Р / 02.09.2014
999 _d157665